Astronomy Word Scramble - Statistics

General Stats
  • This quiz has been taken 42 times
  • The average score is 19 of 27
Answer Stats
Hint Answer % Correct
NMOO MOON
100%
OTPUL PLUTO
95%
TIERUJP JUPITER
92%
SRMA MARS
92%
SNVUE VENUS
92%
LXAYGA GALAXY
89%
RCUYMRE MERCURY
89%
TRASODIE ASTEROID
87%
TENPENU NEPTUNE
87%
RSNAUU URANUS
84%
HEART EARTH
82%
TERISODA EBTL ASTEROID BELT
79%
REESC CERES
79%
TSELITEAT SATTELITE
79%
TSRUNA SATURN
79%
LAKCB LEOH BLACK HOLE
76%
TNTIA TITAN
76%
TMCEO COMET
68%
ORETME METEOR
68%
PUKIRE LEBT KUIPER BELT
53%
KAEEMAKM MAKEMAKE
53%
RMWHLOE WORMHOLE
53%
STVEA VESTA
39%
AUEHMA HAUMEA
37%
STICLAOL CALLISTO
21%
RDAIMNA MIRANDA
21%
RELAI ARIEL
13%
No matching quizzes found
Score Distribution
Percent of People with Each Score
Percentile by Number Answered
Your Score History
You have not taken this quiz